El soldado de porcelana / (Registro nro. 195)

Detalles MARC
000 -LEADER
fixed length control field 01573 am a2200229 a 4500
005 - FECHA ULTIMA MODIFICACION
control field 20240815115419.0
008 - CAMPO DE CONTROL (LIBRO)
fixed length control field 100330s1997||||sp g0f s sp spa d
020 ## - INTERNATIONAL STANDARD BOOK NUMBER
ISBN 8440676263
041 ## - CODIGO DE IDIOMA
Código de idioma del texto/pista de sonido o título separado spa
092 ## - SIGNATURA TOPOGRAFICA DEWEY LOCAL
número de clasificación 860.3
libristica 91
sección VAZ
100 1# - ENTRADA PRINCIPAL--NOMBRE PERSONAL
Nombre personal Vázquez-Rial, Horacio.
9 (RLIN) 368
245 #3 - TITULO PROPIAMENTE DICHO
Título El soldado de porcelana /
Mención de responsabilidad y remanente de la transcripción de la portada Horacio Vázquez-Rial.
250 ## - MENCION DE EDICION
Mención de edición 1a ed. 2a reimp.
260 ## - PIE DE IMPRENTA
Lugar de publicación, distribución, etc Barcelona:
Nombre de la editorial, distribuidor, etc Grupo Zeta;
Fecha de publicación 1997.
300 ## - DESCRIPCION FISICA
Extension 861 p.
500 ## - NOTA GENERAL
Nota general Vázquez-Rial, H. (1997). El soldado de porcelana. (1a ed.). Barcelona : Grupo Z.
505 ## - NOTA DE CONTENIDO
Nota de contenido formateada Se llamaba Gustavo Durán. Una trampa le arrebató a su madre. Fue compositor de piano mientras pudo creer en su propio talento. Lorca, Hemingway y Gil de Biedma lo amaron. Alcanzó el grado de General del Ejercito Republicano en la Guerra Civil española. Nunca se pudo probar que fuera espía soviético, mientras que sí parece obvia su relación con los Roosevelt y con Rockefeller, para quienes se convirtió en algo más que informador, primero en La Habana y luego en Buenos Aires. Franco y McCarthy lo persiguieron. Representó a la ONU en el proceso de independencia del Congo Belga. Murió en Atenas, lejos de la España que había decidido ignorar su memoria. Una vida marcada por el drama, tan intensa, no soporta los límites de la biografía; e tal la magnitud de las historias que la pueblan, que sólo con el aporte de la imaginación, sólo en el territorio de la novela, resulta verosímil.
590 ## - NOTAS LOCALES (RLIN)
Nota local Donación Verónica Schiariti, 2008
655 ## - MATERIA - GENERO/FORMA
Género/Forma Novela
-- 3091
930 ## - NUMERO DE INVENTARIO
Número de inventario 1925
942 ## - ADDED ENTRY ELEMENTS (KOHA)
Source of classification or shelving scheme Dewey Decimal Classification
Item type Libros
Existencias
Estado de retiro Existencia Fuente de clasificación Estado general No para prestamo Colección Ubicación permanente ubicación actual Sala de ubicación Fecha de adquisición Total Checkouts Número de clasificación Código de barras Date last seen Número de ejemplar Price effective from Koha tipo de elemento (item)
    Dewey Decimal Classification     Fiction Biblioteca Medicina Biblioteca Medicina Circulación 13/05/2011   860.3 91 VAZ 1925 06/11/2014 ej.1 13/05/2011 LITERATURA

UNIVERSIDAD NACIONAL DEL COMAHUE
Biblioteca de la Facultad de Ciencias Médicas
Sede Toschi: Los Arrayanes y Av. Toschi, Cipolletti  - Rio Negro
Sede Los Tordos:  Yrigoyen al 2211, Cipolletti - Rio Negro 

Teléfono: 0299 - 4774707 int 25
Contacto: biblioteca@facimed.uncoma.edu.ar
© 2011 - 2026